| 000 | 00386nam a22001337a 4500 | ||
|---|---|---|---|
| 020 | _qHB. | ||
| 040 | _cFIZZA ISHAQ | ||
| 082 |
_a624.15136 _bKAT |
||
| 100 |
_a Katti, R. K. _9133581 |
||
| 245 |
_aInfluence of Gravity on Granular Soil Mechanics / _cR. K. Katti. |
||
| 260 |
_aNew Delhi: _b CRC Press, _c2000. |
||
| 300 |
_axii, 467p. : ill. ; _c11 X 8.5 X 1.4 inches |
||
| 942 |
_2ddc _cBK |
||
| 999 |
_c616524 _d616524 |
||